[Event "Regionalliga SW9697"]
[Site "Bayern"]
[Date "1996.??.??"]
[Round "?"]
[White "Kuehn, Manfred"]
[Black "Unger, Michael"]
[Result "1-0"]
[WhiteElo "2160"]
[BlackElo "2125"]

1.e4 g6 2.d4 Bg7 3.Nc3 c6 4.Nf3 d6 5.h3 Nd7 6.Be3 Qc7 7.Qd2 b5 8.a3 Ngf6
9.Bd3 O-O 10.O-O Bb7 11.Rfe1 e5 12.Rad1 Rfe8 13.dxe5 dxe5 14.Bh6 Nc5 15.Bxg7 Kxg7
16.Qe3 Ne6 17.Ne2 Nh5 18.Nh2 Qe7 19.Ng4 Nef4 20.Nxf4 Nxf4 21.Bf1 Bc8 22.Rd2 Bxg4
23.hxg4 Qg5 24.Red1 Re6 25.Rd7 h5 26.g3 Qxg4 27.Kh2 Rf6 28.gxf4 Rxf4 29.Qg3 Rxe4
30.Bg2 Qxg3+ 31.fxg3 Rc4 32.c3 h4 33.R1d6 a5 34.Bxc6 Rf8 35.Bd5 hxg3+  1-0

[Event "Regionalliga SW9697"]
[Site "Bayern"]
[Date "1996.??.??"]
[Round "?"]
[White "Lutz, Gerhard"]
[Black "Loos, Stephan"]
[Result "1-0"]
[WhiteElo "2120"]
[BlackElo "2130"]

1.e4 g6 2.d4 Bg7 3.Nc3 c6 4.f4 d5 5.e5 h5 6.Nf3 Bg4 7.Be3 e6 8.h3 Bxf3 9.Qxf3 h4
10.Bd3 Nd7 11.O-O Ne7 12.Ne2 Nf5 13.Bf2 Bf8 14.b3 Be7 15.c4 dxc4 16.bxc4 Nb6
17.Rfd1 Kf8 18.Rac1 Qd7 19.Be4 Rd8 20.Qb3 Ng3 21.Nxg3 hxg3 22.Bxg3 g5 23.Qf3 gxf4
24.Bxf4 Ke8 25.Kh2 Rc8 26.Qb3 Bd8 27.Qg3 Qe7 28.Qg7 Qh4 29.Rf1 Rc7 30.Bg3 Qh6
31.Qxh6 Rxh6 32.Bf4 Rh8 33.Be3 Rd7 34.Bf3 Be7 35.Be2 Kf8 36.Rf3 Na4 37.Bd1 Nb6
38.Bb3 Bd8  1-0

[Event "Regionalliga NW9596"]
[Site "Bayern"]
[Date "1996.??.??"]
[Round "?"]
[White "Reis, Thomas"]
[Black "Breithut, Kurt Georg"]
[Result "1/2-1/2"]
[WhiteElo "2080"]
[BlackElo "2050"]

1.e4 g6 2.d4 Bg7 3.Nc3 c6 4.Nf3 d5 5.h3 dxe4 6.Nxe4 Nd7 7.Bc4 Ngf6 8.Nxf6+ Nxf6
9.O-O O-O 10.Re1 Bf5 11.c3 Be4 12.Bg5 Bxf3 13.Qxf3 Qa5 14.Re5 Qc7 15.Rae1 Rae8
16.R5e3 Qd7 17.Qf4 Kh8 18.Bh6 Nd5 19.Bxd5 cxd5 20.h4 Bxh6 21.Qxh6 Rg8 22.Re5 e6
23.Qg5 Qd8 24.Qxd8 Rxd8  1/2-1/2

[Event "Oberliga Bayern9697"]
[Site "Bayern"]
[Date "1996.??.??"]
[Round "?"]
[White "Klundt, Klaus"]
[Black "Pirisi, Gabor"]
[Result "1-0"]
[WhiteElo "2345"]
[BlackElo "2395"]

1.e4 g6 2.d4 Bg7 3.Nc3 c6 4.Nf3 d6 5.Be2 Bg4 6.O-O Nd7 7.Re1 Qc7 8.a4 a5
9.Bc4 e6 10.Be3 Ne7 11.h3 Bxf3 12.Qxf3 O-O 13.Rad1 d5 14.Bb3 Qb6 15.h4 Rae8
16.h5 dxe4 17.Nxe4 Nf5 18.d5 Nd4 19.Bxd4 Bxd4 20.dxc6 bxc6 21.Rxd4 Qxd4 22.Rd1 Qxb2
23.Rxd7 Rd8 24.Nf6+ Kg7 25.g4 Rxd7 26.h6+ Kxh6 27.Nxd7 Qc1+ 28.Kg2 Rd8 29.Qxf7 Qd1
30.Bxe6 Qd4 31.g5+ Kxg5 32.Qe7+ Kh6 33.Qxd8 Qe4+ 34.Kg3 Qxe6 35.Qh4+ Kg7
36.Qxh7+  1-0

[Event "Regionalliga NW9596"]
[Site "Bayern"]
[Date "1996.??.??"]
[Round "?"]
[White "Vogt, Thomas"]
[Black "Assmann, Norbert"]
[Result "1/2-1/2"]
[WhiteElo "1965"]
[BlackElo "2055"]

1.e4 g6 2.d4 Bg7 3.Nc3 c6 4.Nf3 d5 5.h3 e6 6.Be3 b6 7.Bd3 Ba6 8.O-O Nf6 9.Re1 Bxd3
10.Qxd3 dxe4 11.Nxe4 Nxe4 12.Qxe4 Qd5 13.Qh4 Nd7 14.b3 Qd6 15.Rad1 Bf6 16.Bg5 Qe7
17.Qf4 Bxg5 18.Nxg5 O-O 19.Qh4 Nf6 20.Re4 Kg7 21.Re3 h6 22.Ne4 Nd5 23.Qxe7 Nxe7
24.c4 Rad8 25.g4 Rd7 26.Red3 Rfd8 27.Nc3 g5 28.Kg2 Ng6 29.Ne2 Kf8 30.Kg3 Ke7
31.f4 gxf4+ 32.Nxf4 Nxf4 33.Kxf4 f6 34.Ke4 Rh8  1/2-1/2

[Event "DVM U20"]
[Site "Berlin"]
[Date "1996.??.??"]
[Round "1"]
[White "Kuehn, Peter"]
[Black "Goergens, Michael"]
[Result "1-0"]
[WhiteElo "2235"]
[BlackElo "2165"]

1.e4 c6 2.d4 g6 3.Nc3 Bg7 4.Bc4 d6 5.Qf3 e6 6.Nge2 Ne7 7.a4 Nd7 8.h4 h5 9.Bg5 Bh6
10.Bxh6 Rxh6 11.Qf4 Rh8 12.Qxd6 Qb6 13.a5 Qd8 14.Nf4 Nf6 15.Qe5 Neg8 16.d5 Rh7
17.dxe6 fxe6 18.Rd1 Qc7 19.Nxg6 Qxe5 20.Nxe5 Rg7 21.O-O Ng4 22.Nxg4 Rxg4
23.Be2 Rxh4 24.g3 Rg4 25.Bxg4 hxg4 26.e5 Ke7 27.Rd4 Nh6 28.Rfd1 Nf7 29.Rxg4 Nxe5
30.Rg8 Nf7 31.Ne4 b6 32.Ng5 Nd6 33.Rh8 Ne8 34.Rh7+ Kf6 35.Rd8  1-0

[Event "Berliner Sommer"]
[Site "Berlin"]
[Date "1996.??.??"]
[Round "2"]
[White "Zunker, Reinhard"]
[Black "Kulaots, Kaido"]
[Result "0-1"]
[WhiteElo "2175"]
[BlackElo "2405"]

1.e4 g6 2.d4 Bg7 3.Nc3 c6 4.Be3 d5 5.Qd2 dxe4 6.Nxe4 Nd7 7.Nf3 Ngf6 8.Nc3 O-O
9.Bh6 Nb6 10.Bxg7 Kxg7 11.Be2 Bg4 12.O-O-O Bxf3 13.Bxf3 Qd6 14.Qe2 Rfd8 15.g3 a5
16.Rhe1 e6 17.Rd2 a4 18.a3 Rd7 19.Qe5 Nc4 20.Qxd6 Nxd6 21.Ne4 Ndxe4 22.Bxe4 Rad8
23.c3 e5 24.Bxc6 bxc6 25.Rxe5 c5 26.Rxc5 Ne4 27.Rc4 Nxd2 28.Kxd2 Rb7 29.Rb4 Rxb4
30.axb4 Kf6 31.Kd3 Ke6 32.c4 Kd6 33.Kc3 Re8 34.b5 Re2 35.Kb4 Rxb2+ 36.Kxa4 Kc7
37.Ka5 Rxf2 38.Kb4 Rxh2 39.Ka5  0-1

[Event "SLO-chT"]
[Site "Bled"]
[Date "1996.??.??"]
[Round "2"]
[White "Zugaj, Zvijezdana"]
[Black "Srebrnic, Ana"]
[Result "1-0"]
[WhiteElo "1920"]
[BlackElo "1845"]

1.e4 g6 2.d4 Bg7 3.Nc3 c6 4.Nf3 d5 5.h3 dxe4 6.Nxe4 Nd7 7.Bc4 Ngf6 8.Nxf6+ Nxf6
9.O-O O-O 10.Bf4 Bf5 11.Re1 Re8 12.c3 Nd5 13.Bh2 h6 14.Qb3 b5 15.Bf1 Be6
16.Qc2 Nb6 17.Rxe6 fxe6 18.Qxg6 Nd7 19.Ne5 Rf8 20.Qxe6+ Kh8 21.Nxd7  1-0

[Event "SLO-chT"]
[Site "Bled"]
[Date "1996.??.??"]
[Round "4"]
[White "Susnik, Matej"]
[Black "Srebrnic, Vojko"]
[Result "0-1"]
[WhiteElo "2235"]
[BlackElo "2235"]

1.e4 g6 2.d4 Bg7 3.Nc3 c6 4.f4 d5 5.e5 h5 6.Nf3 Bg4 7.Bd3 e6 8.h3 Bxf3 9.Qxf3 h4
10.Be3 Nh6 11.O-O-O Nd7 12.g4 hxg3 13.Qxg3 Bf8 14.h4 Nf5 15.Bxf5 gxf5 16.h5 Qe7
17.Bf2 f6 18.Qg6+ Qf7 19.exf6 Rg8 20.Qxf7+ Kxf7 21.Rdg1 Bh6 22.Ne2 Nxf6 23.Kd2 Rxg1
24.Bxg1 Rg8 25.Ke3 Rg4 26.Kf3 b6 27.Bf2 Ne4 28.Be1 Nf6 29.Bb4 Rg8 30.Be1 c5
31.c3 Rg4 32.Bf2 c4 33.Be1 b5 34.a3 Rg8 35.Bf2 a5 36.Be1 Bf8 37.Bd2 Bd6 38.Be1 Rg4
39.Bf2 Kg7 40.Be3 Kh6 41.Ng3 Ne4 42.Ne2 Be7 43.Bf2 Rg8 44.Be1 Bd6 45.Bf2 b4
46.axb4 axb4 47.cxb4 Bxb4 48.Be3 Rb8 49.Ra1 Rb6 50.Ra8 Kxh5 51.Bc1 Kg6 52.Ra2 Be1
53.Kg2 Kh5 54.Kf1 Bh4 55.Ra3 Kg4 56.Kg2 Bf6 57.Ra8 Kh5 58.Ra3 Kg6 59.Ra2 Kf7
60.Ra7+ Ke8 61.Ra8+ Kd7 62.Ra3 Kc6 63.Kf1 Kb7 64.Ke1 Be7 65.Rf3 Kc6 66.Kd1 Rb8
67.Kc2 Rh8 68.Be3 Rh2 69.Kd1 Bb4 70.Bg1 Rh1 71.Kc2 Kb5 72.Rf1 Rh3 73.Ra1 Rf3
74.Rd1 Bd6 75.Rb1 Bxf4 76.b3 Bd6 77.bxc4+ Kxc4 78.Rb6 Rf1 79.Rc6+ Kb5 80.Rc8 f4  0-1

[Event "SLO-chT"]
[Site "Bled"]
[Date "1996.??.??"]
[Round "6"]
[White "Mihevc, Narcisa"]
[Black "Licina, Anita"]
[Result "1/2-1/2"]
[WhiteElo "2235"]
[BlackElo "2155"]

1.e4 c6 2.d4 g6 3.Nc3 Bg7 4.Bc4 d6 5.Nf3 Nf6 6.Bb3 O-O 7.O-O Bg4 8.h3 Bxf3
9.Qxf3 Nbd7 10.Be3 e6 11.Qe2 d5 12.exd5 cxd5  1/2-1/2

[Event "NLD-chT playoff"]
[Site "Breda"]
[Date "1996.??.??"]
[Round "?"]
[White "Martens, Martin"]
[Black "Pliester, Leon"]
[Result "1-0"]
[WhiteElo "2405"]
[BlackElo "2355"]

1.e4 g6 2.d4 Bg7 3.Nc3 c6 4.Bc4 b5 5.Bb3 b4 6.Na4 Nf6 7.e5 Nd5 8.Nf3 O-O
9.O-O Na6 10.a3 bxa3 11.Rxa3 Nac7 12.Re1 d6 13.h3 Bf5 14.Bd2 Qb8 15.Qc1 Rd8
16.Ba5 Re8 17.Bc4 Qc8 18.Bf1 Rb8 19.Qd2 Nb6 20.c4 d5 21.cxd5 Nxa4 22.Rxa4 Nxd5
23.Rea1 Qd7 24.Bc3 Rb7 25.Ne1 Reb8 26.Ra5 f6 27.exf6 Bxf6 28.Nf3 Be4 29.Ne5 Bxe5
30.dxe5 Nxc3 31.Qxc3 Rxb2 32.Rxa7 Qf5 33.f3 Bd5 34.Rxe7 R2b7 35.Ra7 Rxe7
36.Rxe7 Qg5 37.Rc7 Rf8 38.Bc4 Rb8 39.Bxd5+ cxd5 40.Rc8+ Rxc8 41.Qxc8+ Kg7
42.Qd7+ Kh6 43.Qxd5 Qe3+ 44.Kf1 g5 45.Qe4 Qc1+ 46.Kf2 Qc5+ 47.Kg3 Kg7 48.h4 h6
49.Qf5 gxh4+ 50.Kxh4 Qg1 51.g3 Qh2+ 52.Kg4 Qb2 53.e6 Qd4+ 54.Kh3 h5 55.Qg5+ Kf8
56.Qf4+  1-0

[Event "Elekes mem"]
[Site "Budapest"]
[Date "1996.??.??"]
[Round "1"]
[White "Fogarasi, Tibor"]
[Black "Danner, Georg"]
[Result "1-0"]
[WhiteElo "2500"]
[BlackElo "2390"]

1.e4 g6 2.d4 Bg7 3.Nc3 c6 4.h3 d5 5.Nf3 Nh6 6.Be2 O-O 7.O-O f6 8.Re1 Nf7
9.Bf1 Re8 10.e5 fxe5 11.dxe5 e6 12.Bf4 c5 13.Na4 Qa5 14.b3 Bd7 15.Nb2 Nc6
16.c4 Ne7 17.cxd5 Nxd5 18.Nc4 Qc7 19.Bg3 Bc6 20.Nfd2 Rad8 21.Nd6 Nxd6 22.exd6 Qf7
23.Rc1 Nc3 24.Qc2 Bd4 25.Nc4 Qf5 26.Bd3 Qd5 27.Ne3 Qg5 28.Kh2 Nd5 29.Nxd5 exd5
30.f4 Qf6 31.f5 Be3 32.fxg6 Bxc1 33.gxh7+ Kh8 34.Rxc1 Rxd6 35.Rf1 Qe7 36.Bxd6 Qxd6+
37.Kg1 d4 38.Qf2 Qe5 39.Qf8+ Rxf8 40.Rxf8+ Kg7 41.h8=Q+  1-0

[Event "Budapest FS06 GM"]
[Site "Budapest"]
[Date "1996.??.??"]
[Round "2"]
[White "Tseitlin, Mikhail S"]
[Black "Kaabi, Mejdi"]
[Result "1/2-1/2"]
[WhiteElo "2425"]
[BlackElo "2395"]

1.e4 g6 2.d4 Bg7 3.Nc3 c6 4.f4 d5 5.e5 h5 6.Nf3 Nh6 7.Be3 Bg4 8.h3 Bxf3 9.Qxf3 h4
10.Bf2 e6 11.Bd3 Nd7 12.O-O Nf5 13.b3 Bf8 14.Ne2 a5 15.c4 Be7 16.Rfc1 a4
17.cxd5 axb3 18.axb3 Rxa1 19.Rxa1 cxd5 20.Kh1 Kf8 21.Ng1 Kg7 22.Qd1 Nb8 23.Bxf5 gxf5
24.Ra8 Qc7 25.Nf3 Qc3 26.Kh2 Qb2 27.Qe1 Qxb3 28.Bxh4 Bxh4 29.Nxh4 Nd7 30.Nxf5+ exf5
31.Rxh8 Kxh8 32.Qh4+ Kg7 33.Qg5+ Kf8 34.Qd8+ Kg7 35.Qxd7 Qe3 36.Qxf5 Qxd4
37.h4 Qe4 38.Qf6+ Kg8 39.h5 d4 40.f5 Qf4+ 41.Kh3 Qe3+ 42.g3 Qf3 43.Qg5+ Kh7
44.f6 Qh1+ 45.Kg4 Qd1+ 46.Kf5 Qb1+ 47.Kg4 Qd1+  1/2-1/2

[Event "Budapest FS02 IM"]
[Site "Budapest"]
[Date "1996.??.??"]
[Round "4"]
[White "Kiss, Gedeon"]
[Black "Ivakhin, Maxim"]
[Result "1-0"]
[WhiteElo "2130"]
[BlackElo "2300"]

1.e4 c6 2.d4 g6 3.Nc3 Bg7 4.Bc4 b5 5.Bb3 Bb7 6.h4 d6 7.Qf3 e6 8.Bg5 Qb6 9.Nge2 Nd7
10.h5 d5 11.O-O-O a5 12.exd5 cxd5 13.a4 b4 14.Nb5 Rc8 15.Nf4 Ngf6 16.h6 Bf8
17.Bxf6 Nxf6 18.Nxg6 hxg6 19.Qxf6 Rxh6 20.Rxh6 Bxh6+ 21.Kb1 Bf8 22.Rh1 Qd8
23.Qe5 Qe7 24.Rh7 Bc6 25.Qf4 Bd7 26.Nc7+ Kd8 27.Rxf7 Rxc7 28.Rxe7 Bxe7 29.Qg4 g5
30.Qe2 Bf6 31.Qa6 Bxd4 32.Qxa5 Bc5 33.c3 bxc3 34.Qxc3 Kc8 35.Qf6 g4 36.Qf4 Rb7
37.Ka2 Kd8 38.Qxg4 Bxf2 39.Qg8+ Kc7 40.Qf7 Bd4 41.g4 Be5 42.g5 Kb8 43.Qf8+ Bc8
44.Qf3 Rg7 45.Qe3 Bc7 46.Bc2 e5 47.g6 e4 48.Qh6 Rg8 49.g7 Be5 50.Qb6+ Bb7
51.Qe6  1-0

[Event "Budapest FS06 GM"]
[Site "Budapest"]
[Date "1996.??.??"]
[Round "8"]
[White "Vajda, Levente"]
[Black "Kaabi, Mejdi"]
[Result "1-0"]
[WhiteElo "2370"]
[BlackElo "2395"]

1.e4 c6 2.d4 g6 3.Nc3 Bg7 4.g3 d6 5.Bg2 Nf6 6.Nge2 O-O 7.O-O e5 8.a4 a5 9.h3 Na6
10.Be3 Nb4 11.g4 Be6 12.d5 cxd5 13.Nxd5 Nfxd5 14.exd5 Bd7 15.c3 Na6 16.g5 Qc8
17.Kh2 Qc4 18.b3 Qh4 19.Ng3 Nc5 20.Rb1 e4 21.Bd4 Qxg5 22.Bxg7 Kxg7 23.Qd4+ Kg8
24.b4 axb4 25.cxb4 Rxa4 26.Qc3 Nd3 27.Nxe4 Qf4+ 28.Kg1 Ne5 29.Nxd6 Nf3+ 30.Qxf3 Qxd6
31.Qg3 Qb6 32.Qe3 Qa6 33.Qe7 Bf5 34.Rbc1 Qb6 35.d6 Rxb4 36.d7 Kg7 37.Rfd1 Rd8
38.Rd6 Qa5 39.Qf6+ Kh6 40.Rd5 Qa3 41.Rf1 Rxd7 42.Rxf5 Qb2 43.Re5 Rd3 44.Qh8 Rd8
45.Qxd8 Qxe5 46.Qf8+  1-0

[Event "Cairo op"]
[Site "Cairo"]
[Date "1996.??.??"]
[Round "2"]
[White "Labib, Ibrahim Hasan"]
[Black "Kaabi, Mejdi"]
[Result "0-1"]
[WhiteElo "2195"]
[BlackElo "2395"]

1.e4 g6 2.d4 Bg7 3.Nc3 c6 4.Nf3 d6 5.Be2 Nf6 6.O-O O-O 7.Re1 a5 8.Bf4 Na6
9.h3 d5 10.e5 Nd7 11.Qd2 Nc7 12.Nd1 b5 13.c3 Nb6 14.Bh6 f6 15.Bxg7 Kxg7 16.b3 f5
17.Nb2 Ne6 18.Nd3 h6 19.Nf4 Nxf4 20.Qxf4 e6 21.h4 Kh7 22.g4 Ra7 23.Bd3 Rg7
24.Kh2 g5 25.Qg3 Kg8 26.hxg5 fxg4 27.Qxg4 hxg5 28.Kg2 Rf4 29.Qg3 Qe7 30.Rh1 Rf8
31.Rh5 g4 32.Ng1 Rf3 33.Qh4 Qxh4 34.Rxh4 Rxd3  0-1

[Event "Cairo op"]
[Site "Cairo"]
[Date "1996.??.??"]
[Round "8"]
[White "Abdel Aziem, Ramadan"]
[Black "Kaabi, Mejdi"]
[Result "0-1"]
[WhiteElo "2260"]
[BlackElo "2395"]

1.e4 c6 2.Nc3 g6 3.d4 Bg7 4.Be3 Qb6 5.a3 d6 6.Bc4 e6 7.Nge2 d5 8.Bb3 Nf6
9.f3 dxe4 10.Nxe4 Nxe4 11.fxe4 O-O 12.O-O Nd7 13.Qe1 Qd8 14.Rd1 Qe7 15.Qf2 a5
16.a4 b6 17.d5 exd5 18.exd5 cxd5 19.Bxd5 Rb8 20.Nc3 Ba6 21.Rfe1 Ne5 22.h3 Kh8
23.Bxb6 Rfc8 24.Bb3 Bb7 25.Bd4 f6 26.Qh4 g5 27.Qf2 Bc6 28.Bc5 Qb7 29.Bd6 Ra8
30.Nd5 Rd8 31.Nxf6 Nf3+ 32.gxf3 Bxf6 33.Re6 Bg7 34.Rde1 Rxd6 35.Rxd6 Bxf3
36.Qb6 Qc8 37.Rde6 Qd7 38.Qd6 Qa7+ 39.Kh2 Qf2+  0-1

[Event "Calcutta op"]
[Site "Calcutta"]
[Date "1996.??.??"]
[Round "4"]
[White "Saravanan, V."]
[Black "Donguines, Fernie"]
[Result "1-0"]
[WhiteElo "2375"]
[BlackElo "2445"]

1.e4 g6 2.d4 Bg7 3.Nc3 c6 4.Bc4 b5 5.Bb3 a5 6.Qf3 e6 7.a4 b4 8.Nce2 d5 9.c3 Nf6
10.e5 Nfd7 11.h4 h6 12.Qg3 h5 13.Bc2 Nf8 14.Nf3 Ba6 15.Nf4 Qe7 16.Nd3 Nh7
17.O-O b3 18.Bb1 Nd7 19.Re1 Bxd3 20.Bxd3 O-O 21.Be3 Rfc8 22.Be2 Rab8 23.Bd1 Rb7
24.Ra3 Rcb8 25.Nd2 Qd8 26.Rxb3 Rxb3 27.Nxb3 Qc7 28.f4 Bf8 29.Qf2 Be7 30.g3 Nhf8
31.Kh2 Rb7 32.Re2 Kg7 33.Nc5 Nxc5 34.dxc5 Nd7 35.b3 Rb8 36.Rb2 f6 37.exf6+ Bxf6
38.Bd4 Rf8 39.Qe3 e5 40.fxe5 Bxe5 41.Kg2 Bxd4 42.Qxd4+ Kh7 43.Rf2 Qd8 44.Rxf8 Qxf8
45.b4 Qe7 46.Kf2 Nf8 47.Bf3 Nd7 48.Kg2 Qe1 49.b5 Qe7 50.bxc6 Nxc5 51.Qxd5 Kg7
52.Qd4+ Kh7 53.Qf4 Na6 54.Qe4 Qa3 55.Bxh5 Qd6 56.Qxg6+ Qxg6 57.Bxg6+ Kxg6
58.g4 Nc7 59.Kf3 Kf6 60.Ke4 Ke6 61.h5 Nd5 62.g5 Nxc3+ 63.Kd4 Nxa4 64.h6 Kf7
65.h7 Kg7 66.g6 Nb6 67.Kc5 Nc8 68.c7 a4 69.Kb4 Nb6 70.Kb5  1-0

[Event "Cannes Martinez op"]
[Site "Cannes"]
[Date "1996.??.??"]
[Round "1"]
[White "Muller, Anne"]
[Black "Finkel, Alexander"]
[Result "0-1"]
[WhiteElo "2170"]
[BlackElo "2505"]

1.e4 g6 2.d4 Bg7 3.Nc3 c6 4.Bc4 d6 5.Nf3 Nf6 6.Bb3 O-O 7.O-O Bg4 8.h3 Bxf3
9.Qxf3 e6 10.Bg5 Nbd7 11.Rad1 Qb6 12.Qf4 Qc7 13.Bh6 e5 14.Qh4 Qd8 15.Bxg7 Kxg7
16.dxe5 dxe5 17.Rd2 Qe7 18.Rfd1 Nc5 19.Qg5 a5 20.a4 h6 21.Qe3 Nxb3 22.cxb3 Qb4
23.Na2 Qxe4 24.Qxe4 Nxe4 25.Re2 Nc5 26.Rxe5 b6 27.Re7 Rfe8 28.Rde1 Rxe7 29.Rxe7 Rd8
30.Nc3 Rd2 31.Rc7 Rxb2 32.Rxc6 Rxb3 33.Nd5 Nxa4 34.Rc7 Nb2 35.Rb7 a4  0-1

[Event "Cannes Martinez op"]
[Site "Cannes"]
[Date "1996.??.??"]
[Round "8"]
[White "Kuntz, Pierre"]
[Black "Lebel Arias, Julia"]
[Result "1-0"]
[WhiteElo "2215"]
[BlackElo "2090"]

1.e4 g6 2.d4 Bg7 3.Nc3 c6 4.Nf3 b5 5.Bd3 d6 6.h3 a6 7.Bf4 Nd7 8.e5 d5 9.O-O Nf8
10.a4 Ne6 11.Be3 b4 12.Ne2 a5 13.Qd2 Ba6 14.Bxa6 Rxa6 15.c3 bxc3 16.bxc3 h5
17.Rab1 Ra7 18.Rb3 Nh6 19.Rfb1 Ra8 20.Rb7 Nf5 21.Ng5 Nxg5 22.Bxg5 f6 23.exf6 exf6
24.Nf4 O-O 25.Ne6 Qd6 26.Nxf8 fxg5 27.Nd7 Rd8 28.Ne5 Ne7 29.Rxe7 Qxe7 30.Nxc6 Qd7
31.Nxd8 Qxd8 32.Qe3 Kh7 33.Rb7 Kh6 34.Qe7 Qh8 35.Qf7 h4 36.Qxd5 Qe8 37.Qf7 Qe1+
38.Kh2 Be5+ 39.dxe5  1-0

[Event "Cannes Martinez op"]
[Site "Cannes"]
[Date "1996.??.??"]
[Round "9"]
[White "Nataf, Igor Alexandre"]
[Black "Carlier, Bruno"]
[Result "1/2-1/2"]
[WhiteElo "2305"]
[BlackElo "2380"]

1.d4 g6 2.e4 Bg7 3.Nc3 c6 4.f4 d5 5.e5 Nh6 6.Nf3 Bg4 7.h3 Bxf3 8.Qxf3 Nf5
9.Ne2 c5 10.dxc5 e6 11.g4 Nh4 12.Qe3 Qc7 13.Bd2 Nd7 14.O-O-O g5 15.f5 h6
16.fxe6 fxe6 17.Nd4 Nxc5 18.Bb5+ Kf7 19.Rhf1+ Kg8 20.Qa3 Rc8 21.Bb4 Bxe5
22.Bxc5 Qxc5 23.Qxc5 Rxc5 24.b4 Rxb5 25.Nxb5 Ng2  1/2-1/2

[Event "Ceske Budejovice op"]
[Site "Ceske Budejovice"]
[Date "1996.??.??"]
[Round "7"]
[White "Maiorov, Oleg"]
[Black "Karlik, Vladimir"]
[Result "1-0"]
[WhiteElo "2470"]
[BlackElo "2280"]

1.e4 g6 2.d4 Bg7 3.Nc3 c6 4.h3 d6 5.Be3 Nf6 6.Qd2 Qa5 7.f3 Nbd7 8.g4 b5 9.Nge2 O-O
10.h4 e5 11.Bh6 b4 12.Nd1 Bxh6 13.Qxh6 exd4 14.Nxd4 Qe5 15.Nxc6 Qg3+ 16.Nf2 Re8
17.Rh3 Qg1 18.Qf4 Nd5 19.Qd2 N7b6 20.O-O-O Nf4 21.Qxf4 Qxf2 22.Nd4  1-0

[Event "Capablanca mem-D"]
[Site "Cienfuegos"]
[Date "1996.??.??"]
[Round "3"]
[White "Hernandez, Yadira"]
[Black "Frey, Hugo"]
[Result "1/2-1/2"]
[WhiteElo "2215"]
[BlackElo "2220"]

1.e4 g6 2.d4 Bg7 3.Nc3 c6 4.g3 d6 5.Bg2 Nf6 6.Nge2 O-O 7.O-O e5 8.h3 Nbd7
9.a4 exd4 10.Nxd4 Ne5 11.a5 Re8 12.Re1 Qe7 13.Bg5 h6 14.Bf4 Nfd7 15.Qd2 Kh7
16.Rad1 Nc5 17.b3 Ne6 18.Nce2 Ng5 19.Bxg5 hxg5 20.f4 gxf4 21.gxf4 Bh6 22.Qc3 Nd7
23.Nf3 Nf6 24.e5 Nd5 25.Qd4 dxe5 26.Nxe5 Be6 27.c4 Nb4 28.Qf2 Nc2 29.Rf1 a6
30.Nc3 Bf5 31.Ne4 Ne3 32.Qxe3 Qxe5 33.Ng5+ Bxg5 34.Qxe5 Rxe5 35.fxe5 Re8
36.Rfe1 Bf4 37.e6 Bxe6 38.Kf2 Bg5 39.Re4 Kg7 40.Bf3 Rh8 41.h4 Rxh4 42.Rxe6 fxe6
43.Rd7+ Kf6 44.Rxb7 Bd2 45.Rb6 Bxa5 46.Rxa6 Bb4  1/2-1/2

[Event "Capablanca mem-D"]
[Site "Cienfuegos"]
[Date "1996.??.??"]
[Round "5"]
[White "Delgado Crespo, Mairelys"]
[Black "Frometa, Zirka"]
[Result "1-0"]
[WhiteElo "2170"]
[BlackElo "2190"]

1.e4 g6 2.d4 Bg7 3.Nc3 c6 4.Bc4 e6 5.e5 d5 6.exd6 Qxd6 7.Nf3 Nf6 8.O-O Nbd7
9.Bg5 O-O 10.Qd2 b6 11.Rfe1 Bb7 12.Bb3 Rfe8 13.Bf4 Qb4 14.Ne4 Qxd2 15.Nfxd2 Nxe4
16.Nxe4 Ba6 17.Ba4 b5 18.Bb3 Nb6 19.c3 b4 20.cxb4 Bxd4 21.Rac1 Nd5 22.Bd2 Bxb2
23.Rxc6 Bd3 24.Nd6 Red8 25.Bxd5 exd5 26.Re7 f5 27.Bf4 Bf6 28.Re6 Bg7 29.h4 Rd7
30.h5 gxh5 31.Re3 Bb1 32.Re1 Bxa2 33.Nxf5 Rf7 34.Nh6+ Bxh6 35.Bxh6 Bc4 36.Re5 Rd8
37.Bg5 Rdf8 38.Bh6 Rd8 39.Bg5 Rdf8 40.Be3 Rf5 41.Rxf5 Rxf5 42.Bxa7 Re5 43.Be3 Kf7
44.Rc5 Re7 45.b5 Ke6 46.b6 Kd6 47.Ra5 Kc6 48.Ra7 Rb7 49.Kh2 Bd3 50.Rxb7 Kxb7
51.Kg3 Kc6 52.Kh4 Bf1 53.g3 d4 54.Bxd4 Bg2 55.Kxh5 Kd6 56.Kh6 Be4 57.f4 Ke6
58.g4 Kf7 59.f5 Kg8 60.Kg5 Kf7 61.Kf4  1-0

[Event "Capablanca mem-D"]
[Site "Cienfuegos"]
[Date "1996.??.??"]
[Round "5"]
[White "Fierro Baquero, Martha Lorena"]
[Black "Frey, Hugo"]
[Result "1/2-1/2"]
[WhiteElo "2165"]
[BlackElo "2220"]

1.e4 g6 2.d4 Bg7 3.Nc3 c6 4.Nf3 d6 5.Be2 Nf6 6.O-O O-O 7.Bg5 Re8 8.Qd2 Qa5
9.Rfe1 Nbd7 10.Rad1 e5 11.Bf1 a6 12.a4 Qb4 13.dxe5 dxe5 14.Nd5 Qxd2 15.Nxf6+ Nxf6
16.Nxd2 b5 17.axb5 axb5 18.Nb3 Be6 19.Nc5 h6 20.Nxe6 Rxe6 21.Bc1 Bf8 22.f3 Kg7
23.Be3  1/2-1/2

[Event "Capablanca mem-C"]
[Site "Cienfuegos"]
[Date "1996.??.??"]
[Round "8"]
[White "Garcia, Osmel"]
[Black "Perez, Rodney"]
[Result "0-1"]
[WhiteElo "2335"]
[BlackElo "2405"]

1.e4 g6 2.d4 Bg7 3.Nc3 c6 4.Nf3 d5 5.h3 Nh6 6.Be2 O-O 7.O-O f6 8.Re1 Nf7
9.Bf1 b6 10.Bf4 Bb7 11.Bg3 Re8 12.exd5 cxd5 13.Nb5 Na6 14.c4 Qd7 15.cxd5 Rec8
16.Qb3 Bf8 17.Nc3 Nc7 18.Bxc7 Rxc7 19.d6 exd6 20.Bc4 Rxc4 21.Qxc4 Bxf3 22.gxf3 Qxh3
23.Qe6 f5 24.Ne4 Qh4 25.Ng3 Qxd4 26.Re2 Qc5 27.Rd1 Bg7 28.f4 Rf8 29.Qd5 Qb4
30.Qf3 Bh6 31.a3 Qxf4 32.Qxf4 Bxf4 33.Re7 Rc8 34.Ne2 Be5 35.Nd4 Ng5 36.Nb5 Rc2
37.Nxd6 Nh3+ 38.Kf1 Rxf2+  0-1

[Event "Capablanca mem-D"]
[Site "Cienfuegos"]
[Date "1996.??.??"]
[Round "9"]
[White "Arribas, Maritza"]
[Black "Frometa, Zirka"]
[Result "1-0"]
[WhiteElo "2270"]
[BlackElo "2190"]

1.e4 g6 2.d4 Bg7 3.Nc3 c6 4.Bc4 e6 5.Nf3 d5 6.Bb3 dxe4 7.Nxe4 Nf6 8.Bg5 Qa5+
9.Qd2 Qxd2+ 10.Nfxd2 Nxe4 11.Nxe4 Nd7 12.Nd6+ Kf8 13.O-O-O h6 14.Bh4 Bf6
15.Bg3 a5 16.a4 b6 17.Nc4 Ba6 18.Bd6+ Kg7 19.Ne5 Nxe5 20.dxe5 Bg5+ 21.Kb1 Rhc8
22.Rhe1 Ra7 23.g3 Rd8 24.f4 Be7 25.Bxe7 Rxd1+ 26.Rxd1 Rxe7 27.Rd6 Rc7 28.Rd8 g5
29.Kc1 gxf4 30.gxf4 Bc8 31.Bc4 Kg6 32.Bd3+ Kh5 33.Kd2 c5 34.Ke3 c4 35.Be4 Kh4
36.Rh8 Kh5 37.Rg8 Bb7 38.f5 exf5 39.Bxf5 Bc6 40.Kf4 Bd7 41.Rg3 Bxf5 42.Kxf5 Kh4
43.Kf6 Rd7 44.Re3 Rc7 45.h3 h5 46.Rc3 Rb7 47.Rxc4+ Kxh3 48.Rc8 Kg4 49.Rg8+ Kf4
50.Rh8 Kg4 51.Rh7 h4 52.e6 Rc7 53.exf7  1-0

[Event "Capablanca mem-D"]
[Site "Cienfuegos"]
[Date "1996.??.??"]
[Round "14"]
[White "Rios, Eyleen"]
[Black "Frey, Hugo"]
[Result "1-0"]
[WhiteElo "2150"]
[BlackElo "2220"]

1.e4 g6 2.d4 Bg7 3.Nc3 c6 4.f4 d5 5.e5 h5 6.Nf3 Nh6 7.Be3 Bg4 8.Be2 Nf5 9.Bf2 e6
10.Qd2 Nd7 11.a4 a5 12.O-O Bxf3 13.Bxf3 Bf8 14.g3 Bb4 15.Qd3 Kf8 16.Nd1 Qb6
17.c3 Be7 18.Ne3 Nxe3 19.Bxe3 Kg7 20.g4 hxg4 21.Bxg4 Qxb2 22.h3 Qb6 23.f5 gxf5
24.Bxf5 Rag8 25.Kh2 Qb2+ 26.Bd2 Bg5 27.Rad1 exf5 28.Qxf5 Bxd2 29.Rf2 Qxc3
30.Rdxd2 Rxh3+ 31.Qxh3 Qxh3+ 32.Kxh3 Re8 33.Rf5 Re7 34.Rg2+ Kf8 35.Rh5 Re6
36.Rh8+ Ke7 37.Rgg8 Nxe5 38.Re8+ Kd6 39.Rxe6+ fxe6 40.dxe5+ Kxe5 41.Kg3 Ke4
42.Ra8 d4 43.Rxa5 d3 44.Kf2  1-0

[Event "Club Tres Peons"]
[Site "?"]
[Date "1996.??.??"]
[Round "9"]
[White "Leiro Giralt, Daniel"]
[Black "Fernandez Madrid, Carlos"]
[Result "1/2-1/2"]
[WhiteElo "2285"]
[BlackElo "2250"]

1.e4 g6 2.d4 Bg7 3.Nc3 c6 4.Be3 d5 5.h3 dxe4 6.Nxe4 Nd7 7.Nf3 Ngf6 8.Nxf6+ Nxf6
9.Be2 O-O 10.O-O Bf5 11.c3 Qc7 12.Qc1 Rfe8 13.Re1  1/2-1/2

[Event "Politiken Cup"]
[Site "Copenhagen"]
[Date "1996.??.??"]
[Round "8"]
[White "Hartman, Christer"]
[Black "Bank, Pelle"]
[Result "0-1"]
[WhiteElo "2370"]
[BlackElo "2230"]

1.e4 g6 2.d4 Bg7 3.Nc3 c6 4.Nf3 d5 5.h3 Nf6 6.e5 Ne4 7.Bd3 Nxc3 8.bxc3 c5
9.O-O Nc6 10.Re1 O-O 11.Rb1 Qc7 12.Bf4 c4 13.Bf1 f5 14.exf6 Qxf4 15.fxg7 Kxg7
16.Re3 b6 17.Qe2 Qf6 18.Ne5 Nxe5 19.Rxe5 e6 20.g3 Qf3 21.Qd2 Bd7 22.Bg2 Qf6
23.h4 Rab8 24.f4 b5 25.Qc1 Qd8 26.Bh3 Re8 27.h5 Qa5 28.Qb2 Rb6 29.a3 Ra6
30.Ra1 Kf7 31.Kf2 Rb8 32.Ree1 gxh5 33.Bg2 h4 34.g4 Rf8 35.Re5 Kg7 36.Ke3 Qd8
37.Qc1 Qf6 38.Qf1 Qg6 39.Qf2 Kh8 40.Bh3 Ra4 41.Kd2 a5 42.Qe3 b4 43.f5 exf5
44.Re7 Qd6 45.gxf5 Rg8 46.Qe5+ Qxe5 47.dxe5 Rxa3 48.Rf1 Ba4 49.f6 Rxc3 50.Bf5 Rg2+
51.Ke1 Re3+ 52.Kd1 Ra3 53.Rxh7+ Kg8 54.f7+ Kf8 55.Rh8+ Kxf7 56.Be4+ Kg7 57.Rh7+ Kg8
58.Bxg2 Kxh7 59.Rf7+ Kg6 60.Rf6+ Kg5  0-1

[Event "CZE-chT 9596"]
[Site "?"]
[Date "1996.??.??"]
[Round "10"]
[White "Berzinsh, Roland"]
[Black "Stratil, Ladislav Jr"]
[Result "0-1"]
[WhiteElo "2440"]
[BlackElo "2380"]

1.e4 g6 2.d4 Bg7 3.Nc3 c6 4.Nf3 d5 5.h3 e6 6.Bg5 Ne7 7.Qd2 h6 8.Bf4 Qa5 9.Bd3 a6
10.O-O Qd8 11.a4 b6 12.a5 b5 13.Rfe1 Kf8 14.Ne2 Kg8 15.Be5 Nd7 16.Bxg7 Kxg7
17.b4 dxe4 18.Bxe4 Nf6 19.Nf4 Qd6 20.Nd3 Nfd5 21.Nfe5 f6 22.Nf3 Ra7 23.Nc5 Qf4
24.Bxd5 Qxd2 25.Nxd2 exd5 26.Re2 Nf5 27.c3 Re7 28.Rxe7+ Nxe7 29.Re1 Kf7 30.g4 g5
31.Nf1 h5 32.f3 hxg4 33.hxg4 Ng6 34.Ng3 Rh3 35.Nf5 Bxf5 36.gxf5 Nh4 37.Nxa6 Nxf3+
38.Kg2 g4 39.Rh1 Nh4+ 40.Kg1 Nf3+ 41.Kg2 Nh4+ 42.Kg1 Rg3+ 43.Kf2 Nxf5 44.Rc1 Rf3+
45.Kg1 Rg3+ 46.Kf2 Rh3 47.Kg1 Nh4 48.Nc5 g3 49.a6 Rh2 50.Rf1 Rg2+ 51.Kh1 Ra2
52.Rd1 Rh2+ 53.Kg1 Nf3+  0-1